[Event "FIDE Open World Blitz 2021"]
[Site "Warsaw"]
[Date "2021.12.30"]
[Round "18.15"]
[White "Nihal Sarin"]
[Black "Van Foreest, Jorden"]
[Result "1-0"]
[WhiteElo "2650"]
[BlackElo "2566"]
[Annotator "ChessBase"]
[PlyCount "129"]
[EventDate "2021.12.29"]
[EventType "swiss"]
[EventCountry "POL"]
[Tiebreak "Cut1 Buchholz"]
[SourceTitle "playchess.com"]
[Source "ChessBase"]
[SourceQuality "1"]

1. d4 d5 2. Nf3 Nf6 3. Bf4 c5 4. e3 Nc6 5. Nbd2 e6 6. c3 Bd6 7. Bg3 O-O 8. Bd3
g6 9. O-O Bxg3 10. hxg3 Qd6 11. dxc5 Qxc5 12. e4 dxe4 13. Nxe4 Nxe4 14. Bxe4
Rd8 15. Qe2 Bd7 16. Rfd1 Be8 17. Bxc6 Bxc6 18. Ne5 Kg7 19. c4 a5 20. b3 h5 21.
g4 hxg4 22. Nxg4 Qg5 23. f3 Qc5+ 24. Kf1 Rh8 25. Qb2+ e5 26. Qxe5+ Qxe5 27.
Nxe5 Rh5 28. Nd3 a4 29. Kf2 axb3 30. axb3 Rha5 31. Rxa5 Rxa5 32. Ke3 Ra3 33.
Rb1 Ra2 34. Rb2 Rxb2 35. Nxb2 Kf6 36. Nd3 g5 37. g3 Ke6 38. Nc5+ Ke5 39. Ne4 f6
40. b4 b5 41. f4+ gxf4+ 42. gxf4+ Ke6 43. c5 Kd5 44. Kd3 Ke6 45. Nc3 Kf5 46.
Ne2 Be8 47. Ke3 Ke6 48. Kd4 Bc6 49. Ng3 Bb7 50. f5+ Ke7 51. Ne4 Bc6 52. Nc3 Kf7
53. Nd5 Bd7 54. Ne3 Bc6 55. Kd3 Bd7 56. Ke4 Bc6+ 57. Kf4 Bd7 58. Nc2 Ke7 59.
Nd4 Kd8 60. Ke4 Ke7 61. Kd5 Be8 62. c6 Bh5 63. Nxb5 Bf3+ 64. Kc5 Be4 65. Nd4
1-0

[Event "FIDE Open World Blitz 2021"]
[Site "Warsaw"]
[Date "2021.12.30"]
[Round "18.15"]
[White "Vastrukhin, Oleg"]
[Black "Costachi, Mihnea"]
[Result "1-0"]
[WhiteElo "2588"]
[BlackElo "2463"]
[Annotator "ChessBase"]
[PlyCount "107"]
[EventDate "2021.12.29"]
[EventType "swiss"]
[EventCountry "POL"]
[Tiebreak "Cut1 Buchholz"]
[SourceTitle "playchess.com"]
[Source "ChessBase"]
[SourceQuality "1"]

1. e4 e5 2. Ne2 Nc6 3. Nbc3 Bc5 4. g3 d6 5. Bg2 f5 6. Na4 fxe4 7. Nxc5 dxc5 8.
Nc3 Nf6 9. Nxe4 Qe7 10. d3 Bf5 11. Nxf6+ Qxf6 12. Be3 Qd6 13. O-O O-O 14. a3
Rad8 15. b4 cxb4 16. axb4 b6 17. b5 Na5 18. Bd2 Qc5 19. Qb1 Qd4 20. Bxa5 bxa5
21. Qa2+ Kh8 22. Qxa5 Qc5 23. Ra2 Be6 24. Qxa7 Qc3 25. Ra6 Bd5 26. Bxd5 Rxd5
27. Rc6 Qb2 28. Rxc7 e4 29. dxe4 Rxb5 30. c3 Rg5 31. h4 Rg6 32. Qc5 Rg8 33. Rc8
Qb3 34. Rxg8+ Qxg8 35. Qd5 Qf8 36. Rd1 Rf6 37. Rd2 Qa3 38. e5 Rf8 39. Qd6 Qa1+
40. Kg2 Qa8+ 41. Qd5 Qc8 42. c4 h6 43. e6 Re8 44. Qd7 Qa8+ 45. Rd5 Kh7 46. c5
Rf8 47. c6 Qa2 48. Rd2 Qa3 49. Qd3+ Qxd3 50. Rxd3 Kg6 51. e7 Re8 52. c7 Kf7 53.
Rd8 Kxe7 54. Rxe8+ 1-0

[Event "FIDE Open World Blitz 2021"]
[Site "Warsaw"]
[Date "2021.12.30"]
[Round "18.16"]
[White "Jobava, Baadur"]
[Black "Cheparinov, Ivan"]
[Result "0-1"]
[WhiteElo "2582"]
[BlackElo "2594"]
[Annotator "ChessBase"]
[PlyCount "81"]
[EventDate "2021.12.29"]
[EventType "swiss"]
[EventCountry "POL"]
[Tiebreak "Cut1 Buchholz"]
[SourceTitle "playchess.com"]
[Source "ChessBase"]
[SourceQuality "1"]

1. d4 Nf6 2. c4 e6 3. Nc3 d5 4. Bf4 Be7 5. e3 O-O 6. a3 Nbd7 7. Nb5 Ne8 8. cxd5
exd5 9. Nf3 c6 10. Nc3 Nd6 11. Bd3 Re8 12. Qc2 Nf8 13. O-O Be6 14. h3 Rc8 15.
b4 g6 16. Rfb1 a6 17. Na4 Bf5 18. Bxd6 Bxd3 19. Qxd3 Bxd6 20. Nc5 Qe7 21. a4
Rc7 22. Nd2 h5 23. Ndb3 Ne6 24. Nxe6 Qxe6 25. Nc5 Qe7 26. Rc1 Kh7 27. Ra2 Qf6
28. Rac2 Rce7 29. b5 axb5 30. axb5 Rc8 31. bxc6 Rxc6 32. Na4 Rec7 33. Rxc6 bxc6
34. Nb6 Qe6 35. Na4 Kg7 36. Qb3 Qc8 37. Qb6 Qd7 38. Qa6 Qe6 39. Qa5 g5 40. Nb6
Qe7 41. Na4 0-1

[Event "FIDE Open World Blitz 2021"]
[Site "Warsaw"]
[Date "2021.12.30"]
[Round "18.16"]
[White "Halkias, Stelios"]
[Black "Peng, Li Min"]
[Result "1-0"]
[WhiteElo "2575"]
[BlackElo "2412"]
[Annotator "ChessBase"]
[PlyCount "93"]
[EventDate "2021.12.29"]
[EventType "swiss"]
[EventCountry "POL"]
[Tiebreak "Cut1 Buchholz"]
[SourceTitle "playchess.com"]
[Source "ChessBase"]
[SourceQuality "1"]

1. d4 Nf6 2. c4 g6 3. Nc3 Bg7 4. e4 d6 5. Nf3 O-O 6. Be2 e5 7. Be3 Ng4 8. Bg5
f6 9. Bh4 Nh6 10. O-O Nf7 11. Qd2 Nc6 12. d5 Ne7 13. Ne1 g5 14. Bg3 Ng6 15. Nc2
Nf4 16. b4 a5 17. a3 Bd7 18. Ne3 h5 19. h3 Nh6 20. c5 Qe7 21. c6 Bc8 22. bxa5
Rxa5 23. Nc4 Rc5 24. Na4 Rxc4 25. Bxc4 b6 26. Nc3 f5 27. Rfe1 h4 28. Bxf4 gxf4
29. Be2 fxe4 30. Nxe4 Qf7 31. Bf3 Qg6 32. Kh1 Nf5 33. a4 Nd4 34. Ra3 Bf5 35.
Qd1 Ra8 36. Qd3 Kh8 37. a5 bxa5 38. Rea1 Rg8 39. Re1 Bf6 40. Bg4 Bxg4 41. hxg4
Qxg4 42. Qh3 Qg6 43. Rxa5 Bd8 44. Ra2 Qf7 45. Ra8 Qe7 46. f3 Rf8 47. Rb1 1-0

[Event "FIDE Open World Blitz 2021"]
[Site "Warsaw"]
[Date "2021.12.30"]
[Round "18.17"]
[White "Anton Guijarro, David"]
[Black "Murzin, Volodar"]
[Result "0-1"]
[WhiteElo "2669"]
[BlackElo "2519"]
[Annotator "ChessBase"]
[PlyCount "122"]
[EventDate "2021.12.29"]
[EventType "swiss"]
[EventCountry "POL"]
[Tiebreak "Cut1 Buchholz"]
[SourceTitle "playchess.com"]
[Source "ChessBase"]
[SourceQuality "1"]

1. Nf3 Nf6 2. c4 d6 3. d4 g6 4. e3 Bg7 5. Be2 O-O 6. Nc3 Nbd7 7. O-O e5 8. b4
Re8 9. Bb2 e4 10. Nd2 Nf8 11. a4 Bf5 12. a5 h5 13. a6 b6 14. b5 h4 15. h3 N8h7
16. f4 exf3 17. Bxf3 Rc8 18. e4 Be6 19. Qc2 Ng5 20. Qd3 Bd7 21. Rae1 Ne6 22.
Ne2 c6 23. Rf2 cxb5 24. cxb5 Ng5 25. Nf4 d5 26. e5 Bf5 27. Qb3 Nfe4 28. Rfe2
Nxd2 29. Rxd2 Bh6 30. Rf2 Nxf3+ 31. Rxf3 Be4 32. Rf2 Bxf4 33. Rxf4 Qg5 34. Rf2
Re7 35. Qe3 Qxe3 36. Rxe3 Rec7 37. Ree2 Rc4 38. Rd2 Rb4 39. Ba3 Rxb5 40. Kh2
Rc3 41. Bb2 Rg3 42. Rde2 Ra5 43. Bc1 Rxa6 44. Bf4 Rd3 45. Bg5 Bf5 46. Bxh4 Rxd4
47. Bf6 Ra5 48. e6 Re4 49. e7 Bd7 50. Rc2 Rc5 51. Ra2 a5 52. Rfb2 Rc6 53. Rf2
Ree6 54. Bh4 f6 55. Rad2 g5 56. Rxd5 Rxe7 57. Bg3 Kg7 58. Rd4 Be6 59. Rd8 Rf7
60. Bd6 Bc4 61. Rc2 b5 0-1

[Event "FIDE Open World Blitz 2021"]
[Site "Warsaw"]
[Date "2021.12.30"]
[Round "18.17"]
[White "Dvirnyy, Danyyil"]
[Black "Klimkowski, Jan"]
[Result "0-1"]
[WhiteElo "2493"]
[BlackElo "2015"]
[Annotator "ChessBase"]
[PlyCount "114"]
[EventDate "2021.12.29"]
[EventType "swiss"]
[EventCountry "POL"]
[Tiebreak "Cut1 Buchholz"]
[SourceTitle "playchess.com"]
[Source "ChessBase"]
[SourceQuality "1"]

1. d4 Nf6 2. c4 e6 3. Nc3 Bb4 4. e3 c5 5. Bd3 O-O 6. Nf3 Nc6 7. O-O Bxc3 8.
bxc3 d6 9. e4 e5 10. d5 Ne7 11. g3 Ng6 12. Ne1 Bh3 13. Ng2 Qd7 14. f3 Ne8 15.
a4 Rb8 16. Rf2 f5 17. Ne3 fxe4 18. Bxe4 Nf6 19. Bc2 Rbe8 20. a5 e4 21. f4 Ng4
22. Nxg4 Bxg4 23. Qe1 Bf3 24. Be3 Qg4 25. Qf1 Nxf4 26. Bxf4 Rxf4 27. Re1 e3 28.
Rg2 Rff8 29. Qd3 g6 30. Rxe3 Bxg2 31. Kxg2 Qg5 32. Rxe8 Rxe8 33. Kf2 Qc1 34.
Bd1 Rf8+ 35. Kg2 Qg5 36. h4 Qe5 37. Bg4 Qe1 38. Bf3 Re8 39. h5 Re3 40. Qc2 Qxc3
41. Qf2 Qe5 42. hxg6 hxg6 43. Qc2 Kg7 44. Qb1 Qe7 45. Qb2+ Re5 46. Qc3 b6 47.
a6 Qf6 48. Qd3 Re7 49. Qd2 Qd4 50. Qg5 Qe5 51. Qd2 Rf7 52. Qd3 Qb2+ 53. Kh3 Qd4
54. Qe2 Qe5 55. Qxe5+ dxe5 56. Kg4 Kf6 57. Be4 Rh7 0-1

[Event "FIDE Open World Blitz 2021"]
[Site "Warsaw"]
[Date "2021.12.30"]
[Round "18.18"]
[White "Mastrovasilis, Dimitrios"]
[Black "Onyshchuk, Volodymyr"]
[Result "0-1"]
[WhiteElo "2577"]
[BlackElo "2622"]
[Annotator "ChessBase"]
[PlyCount "70"]
[EventDate "2021.12.29"]
[EventType "swiss"]
[EventCountry "POL"]
[Tiebreak "Cut1 Buchholz"]
[SourceTitle "playchess.com"]
[Source "ChessBase"]
[SourceQuality "1"]

1. e4 d6 2. d4 g6 3. Bc4 Bg7 4. Nf3 e6 5. O-O Ne7 6. Nbd2 a6 7. Re1 b6 8. Nf1
Bb7 9. Ng3 Nd7 10. c3 h6 11. Bb3 O-O 12. Bd2 Kh7 13. Qe2 c5 14. Rad1 Qc7 15. h4
b5 16. h5 c4 17. Bc2 e5 18. Bc1 Nf6 19. b3 cxb3 20. Bxb3 Bc8 21. Ba3 Bg4 22.
dxe5 dxe5 23. Bd6 Qb7 24. hxg6+ Nxg6 25. Bxf8 Bxf8 26. Qe3 Rc8 27. Bd5 Qc7 28.
Nf5 Nf4 29. Bb3 Bc5 30. Qd2 Rg8 31. Kh1 Bxf5 32. exf5 Rxg2 33. Nxe5 Rxf2 34.
Qd8 Qb7+ 35. Bd5 N4xd5 0-1

[Event "FIDE Open World Blitz 2021"]
[Site "Warsaw"]
[Date "2021.12.30"]
[Round "18.18"]
[White "Dziuba, Marcin"]
[Black "Shoker, Samy"]
[Result "0-1"]
[WhiteElo "2568"]
[BlackElo "2504"]
[Annotator "ChessBase"]
[PlyCount "84"]
[EventDate "2021.12.29"]
[EventType "swiss"]
[EventCountry "POL"]
[Tiebreak "Cut1 Buchholz"]
[SourceTitle "playchess.com"]
[Source "ChessBase"]
[SourceQuality "1"]

1. d4 d6 2. Nf3 Nf6 3. c4 g6 4. Nc3 Bf5 5. h3 Bg7 6. g4 Bd7 7. Bg2 Nc6 8. O-O
Qc8 9. e4 h5 10. g5 Nh7 11. Kh2 e5 12. dxe5 dxe5 13. Nd5 Nd8 14. b3 c6 15. Ba3
cxd5 16. cxd5 Bb5 17. Re1 Qd7 18. Qd2 f6 19. h4 Nf7 20. Rac1 fxg5 21. hxg5 Bf8
22. Bh3 Qd8 23. d6 Bxd6 24. Bxd6 Qxd6 25. Qa5 Qb6 26. Qb4 Qxf2+ 27. Bg2 Bc6 28.
Rf1 Qb6 29. Qa3 Rd8 30. Nh4 Rd2 31. Nxg6 Rxg2+ 32. Kh1 Qd8 33. Rxf7 Kxf7 34.
Nxh8+ Qxh8 35. Kxg2 Nxg5 36. Rf1+ Ke6 37. Qc5 Nxe4 38. Qc4+ Bd5 39. Qc7 Nd2+
40. Kf2 Qf8+ 41. Ke3 Nxf1+ 42. Kd3 Qf3+ 0-1

[Event "FIDE Open World Blitz 2021"]
[Site "Warsaw"]
[Date "2021.12.30"]
[Round "18.19"]
[White "Muradli, Mahammad"]
[Black "Adly, Ahmed"]
[Result "0-1"]
[WhiteElo "2571"]
[BlackElo "2602"]
[Annotator "ChessBase"]
[PlyCount "47"]
[EventDate "2021.12.29"]
[EventType "swiss"]
[EventCountry "POL"]
[Tiebreak "Cut1 Buchholz"]
[SourceTitle "playchess.com"]
[Source "ChessBase"]
[SourceQuality "1"]

1. c4 e6 2. Nc3 d5 3. d4 Nf6 4. cxd5 exd5 5. Bg5 c6 6. e3 Be7 7. Bd3 Bg4 8. Nf3
Nbd7 9. Qc2 Nh5 10. Bxe7 Qxe7 11. h3 Bxf3 12. gxf3 Nf4 13. O-O-O Nxd3+ 14. Rxd3
Nf6 15. Kb1 O-O 16. Rg1 Rac8 17. a3 Qe6 18. Ka1 Qxh3 19. e4 Qh4 20. e5 Nh5 21.
Rdd1 g6 22. Rh1 Qf4 23. Qd3 Ng7 24. Rdg1 0-1

[Event "FIDE Open World Blitz 2021"]
[Site "Warsaw"]
[Date "2021.12.30"]
[Round "18.19"]
[White "Kozak, Adam"]
[Black "Schneider, Ilja"]
[Result "1-0"]
[WhiteElo "2532"]
[BlackElo "2486"]
[Annotator "ChessBase"]
[PlyCount "47"]
[EventDate "2021.12.29"]
[EventType "swiss"]
[EventCountry "POL"]
[Tiebreak "Cut1 Buchholz"]
[SourceTitle "playchess.com"]
[Source "ChessBase"]
[SourceQuality "1"]

1. Nf3 d5 2. g3 Nd7 3. d4 b5 4. Bg2 Bb7 5. O-O e6 6. a4 b4 7. c4 bxc3 8. bxc3
Ngf6 9. Nbd2 Ba6 10. c4 dxc4 11. Qc2 c3 12. Qxc3 Bxe2 13. Re1 Nd5 14. Qc6 Nb4
15. Qc3 Nd5 16. Qc2 Ba6 17. Ng5 Be7 18. Bxd5 exd5 19. Ba3 c5 20. dxc5 Kf8 21.
Rxe7 Kxe7 22. Qf5 Nf6 23. c6+ Qd6 24. Re1+ 1-0

[Event "FIDE Open World Blitz 2021"]
[Site "Warsaw"]
[Date "2021.12.30"]
[Round "18.20"]
[White "Sankalp, Gupta"]
[Black "Yuffa, Daniil"]
[Result "0-1"]
[WhiteElo "2323"]
[BlackElo "2567"]
[Annotator "ChessBase"]
[PlyCount "74"]
[EventDate "2021.12.29"]
[EventType "swiss"]
[EventCountry "POL"]
[Tiebreak "Cut1 Buchholz"]
[SourceTitle "playchess.com"]
[Source "ChessBase"]
[SourceQuality "1"]

1. d4 Nf6 2. Nf3 g6 3. Nc3 d5 4. Bf4 Bg7 5. Nb5 Na6 6. e3 O-O 7. h3 c6 8. Nc3
Nc7 9. Bd3 Nd7 10. Qd2 Re8 11. O-O-O b5 12. e4 b4 13. Ne2 dxe4 14. Bxe4 Nd5 15.
Bh6 N7f6 16. Bd3 Qa5 17. Kb1 Nc3+ 18. bxc3 bxc3 19. Qxc3 Qb6+ 20. Ka1 Bxh6 21.
Rb1 Qc7 22. Ne5 c5 23. Qxc5 Qxc5 24. dxc5 Bg7 25. f4 Nd7 26. Be4 Nxe5 27. fxe5
Bxe5+ 28. c3 Ba6 29. Bxa8 Bxe2 30. Bb7 Bxc3+ 31. Rb2 Rb8 32. c6 Ba6 33. Bxa6
Rxb2 34. Rc1 Rb3+ 35. Rxc3 Rxc3 36. Bb7 a5 37. Kb2 Rc5 0-1

[Event "FIDE Open World Blitz 2021"]
[Site "Warsaw"]
[Date "2021.12.30"]
[Round "18.21"]
[White "Dreev, Aleksey"]
[Black "Sjugirov, Sanan"]
[Result "1-0"]
[WhiteElo "2635"]
[BlackElo "2589"]
[Annotator "ChessBase"]
[PlyCount "137"]
[EventDate "2021.12.29"]
[EventType "swiss"]
[EventCountry "POL"]
[Tiebreak "Cut1 Buchholz"]
[SourceTitle "playchess.com"]
[Source "ChessBase"]
[SourceQuality "1"]

1. d4 Nf6 2. Nf3 e6 3. c4 b6 4. Nc3 Bb7 5. a3 Ne4 6. Nxe4 Bxe4 7. e3 Be7 8. Bd3
d5 9. cxd5 Qxd5 10. Qa4+ c6 11. Bxe4 Qxe4 12. O-O O-O 13. Bd2 c5 14. Rac1 a6
15. Qc2 Qxc2 16. Rxc2 Nd7 17. Rfc1 a5 18. Bc3 Rfd8 19. Kf1 f6 20. Ke2 Kf7 21.
dxc5 Nxc5 22. Bd4 Nb3 23. Rd1 Rd6 24. Bc3 Rxd1 25. Kxd1 e5 26. Nd2 Nc5 27. Nc4
Ra6 28. Ke2 Ke6 29. f3 Nb3 30. Be1 b5 31. Nd2 Nc5 32. Nb1 a4 33. Nc3 Rb6 34.
Na2 Nb3 35. Bb4 Rb7 36. Bxe7 Kxe7 37. Nb4 Kd7 38. Nd3 Rc7 39. Rxc7+ Kxc7 40.
Nb4 Kd6 41. Kd3 Nc5+ 42. Kc3 e4 43. f4 Nb3 44. Nc2 Kc5 45. g4 Na5 46. Nd4 Nc4
47. Ne6+ Kd5 48. Nxg7 Nxe3 49. h3 Ng2 50. Nh5 e3 51. Kd3 Ke6 52. Ng7+ Kf7 53.
Nh5 Kg6 54. Ke2 f5 55. Kf3 Ne1+ 56. Kxe3 Nc2+ 57. Kd3 Ne1+ 58. Kd4 h6 59. Ng3
fxg4 60. hxg4 Kf6 61. Ne4+ Ke6 62. Nc3 b4 63. axb4 Nc2+ 64. Kd3 Nxb4+ 65. Ke4
a3 66. bxa3 Na6 67. a4 Nc5+ 68. Kd4 Na6 69. a5 1-0

[Event "FIDE Open World Blitz 2021"]
[Site "Warsaw"]
[Date "2021.12.30"]
[Round "18.21"]
[White "Heimann, Andreas"]
[Black "Holm, Kristian Stuvik"]
[Result "1/2-1/2"]
[WhiteElo "2584"]
[BlackElo "2471"]
[Annotator "ChessBase"]
[PlyCount "105"]
[EventDate "2021.12.29"]
[EventType "swiss"]
[EventCountry "POL"]
[Tiebreak "Cut1 Buchholz"]
[SourceTitle "playchess.com"]
[Source "ChessBase"]
[SourceQuality "1"]

1. e4 c5 2. Nf3 g6 3. c4 Bg7 4. d4 cxd4 5. Nxd4 Nc6 6. Be3 Qb6 7. Nb3 Qd8 8.
Nc3 Bxc3+ 9. bxc3 Nf6 10. f3 d6 11. Be2 O-O 12. O-O Qc7 13. c5 dxc5 14. Nxc5
Rd8 15. Qa4 b6 16. Na6 Bxa6 17. Bxa6 Ne5 18. Bd4 Nc6 19. Rfd1 Nd7 20. Be3 Nc5
21. Bxc5 bxc5 22. Rd5 e6 23. Rxc5 Rd6 24. e5 Qb6 25. exd6 Qxc5+ 26. Kh1 Rd8 27.
Rd1 Rxd6 28. Rxd6 Qxd6 29. Bf1 Qc5 30. Qc4 Qd6 31. Qd3 Qc5 32. Qc4 Qd6 33. Kg1
Ne5 34. Qe2 Qc5+ 35. Qf2 Nd7 36. Qxc5 Nxc5 37. Kf2 Kf8 38. Ke3 e5 39. f4 f6 40.
fxe5 fxe5 41. h4 h6 42. Bd3 Kf7 43. Bc2 a5 44. Kf3 Kf6 45. Kg4 Ne6 46. g3 Nc5
47. a3 Ne6 48. Kf3 Nc5 49. Ke3 Kf7 50. Kf3 Kf6 51. Kg4 Ne6 52. Kf3 Nc5 53. Ke3
1/2-1/2

[Event "FIDE Open World Blitz 2021"]
[Site "Warsaw"]
[Date "2021.12.30"]
[Round "18.22"]
[White "Hovhannisyan, Robert"]
[Black "Kobalia, Mikhail"]
[Result "0-1"]
[WhiteElo "2622"]
[BlackElo "2600"]
[Annotator "ChessBase"]
[PlyCount "151"]
[EventDate "2021.12.29"]
[EventType "swiss"]
[EventCountry "POL"]
[Tiebreak "Cut1 Buchholz"]
[SourceTitle "playchess.com"]
[Source "ChessBase"]
[SourceQuality "1"]

1. e4 c6 2. d4 d5 3. e5 Bf5 4. Nf3 e6 5. Be2 Ne7 6. O-O h6 7. c3 Nd7 8. a4 Bh7
9. a5 a6 10. b4 Ng6 11. Bd3 Be7 12. Qc2 O-O 13. Be3 f5 14. Nbd2 Rf7 15. Nb3
Ngf8 16. Bd2 g5 17. Nc5 Rb8 18. Ne1 Qe8 19. f4 gxf4 20. Be2 Rg7 21. Bf3 Bg5 22.
Ned3 Ng6 23. Rf2 Kh8 24. Kh1 Bg8 25. Bh5 Bf7 26. Bxg6 Bxg6 27. Nxf4 Nf8 28.
Raf1 Bh5 29. Qc1 Rc8 30. Nh3 Qe7 31. Nf4 Qe8 32. Be3 Rcc7 33. Qd2 Kh7 34. g3
Bg4 35. h4 Bxf4 36. Bxf4 Qh5 37. Qe3 Rg8 38. Rh2 Rcg7 39. Kg1 Bd1 40. Kf2 Bc2
41. Qf3 Qf7 42. Ke1 Be4 43. Qe3 Qh5 44. Kd2 Re7 45. Rhf2 Ng6 46. Kc1 Nxf4 47.
Rxf4 Rg6 48. Rg1 Reg7 49. Kd2 Kh8 50. Qe2 Qxe2+ 51. Kxe2 Rxg3 52. Rxg3 Rxg3 53.
Nxe6 Rxc3 54. Nc5 Rc4 55. e6 Kg7 56. Ke3 Kf6 57. Rf1 Rc3+ 58. Kd2 Rg3 59. Rf2
Rh3 60. Nxb7 Rd3+ 61. Ke2 Rxd4 62. Nc5 Rxb4 63. Nxa6 Ra4 64. Nb8 Rxa5 65. e7
Ra2+ 66. Ke3 Ra3+ 67. Kd4 Kxe7 68. Ke5 c5 69. Rb2 d4 70. Rb6 d3 71. Rd6 Rb3 72.
Rd7+ Ke8 73. Rh7 Rxb8 74. Rh8+ Kd7 75. Rxb8 d2 76. Rb2 0-1

[Event "FIDE Open World Blitz 2021"]
[Site "Warsaw"]
[Date "2021.12.30"]
[Round "18.22"]
[White "Kuzmicz, Krystian"]
[Black "Carlsson, Pontus"]
[Result "0-1"]
[WhiteElo "2281"]
[BlackElo "2457"]
[Annotator "ChessBase"]
[PlyCount "58"]
[EventDate "2021.12.29"]
[EventType "swiss"]
[EventCountry "POL"]
[Tiebreak "Cut1 Buchholz"]
[SourceTitle "playchess.com"]
[Source "ChessBase"]
[SourceQuality "1"]

1. e4 c5 2. d3 Nc6 3. g3 g6 4. Bg2 Bg7 5. f4 d6 6. Nf3 e6 7. O-O Nge7 8. c3 O-O
9. Be3 b6 10. Na3 Ba6 11. Bf2 Qd7 12. Re1 e5 13. f5 gxf5 14. Bh3 d5 15. Nh4 Qd6
16. Nxf5 Nxf5 17. Bxf5 Ne7 18. Bh3 f5 19. exd5 Nxd5 20. Nc4 Qc7 21. Qh5 Nf6 22.
Qxf5 Bc8 23. Qxe5 Qxe5 24. Nxe5 Bxh3 25. d4 cxd4 26. Bxd4 Ng4 27. Nc6 Bxd4+ 28.
Nxd4 Rf2 29. Re2 Raf8 0-1

[Event "FIDE Open World Blitz 2021"]
[Site "Warsaw"]
[Date "2021.12.30"]
[Round "18.23"]
[White "Vidit, Santosh Gujrathi"]
[Black "Tang, Andrew"]
[Result "1/2-1/2"]
[WhiteElo "2727"]
[BlackElo "2588"]
[Annotator "ChessBase"]
[PlyCount "141"]
[EventDate "2021.12.29"]
[EventType "swiss"]
[EventCountry "POL"]
[Tiebreak "Cut1 Buchholz"]
[SourceTitle "playchess.com"]
[Source "ChessBase"]
[SourceQuality "1"]

1. d4 d5 2. c4 e6 3. Nc3 Nf6 4. cxd5 exd5 5. Bg5 Be7 6. e3 c6 7. Bd3 Nbd7 8. h3
Nf8 9. Bf4 Ne6 10. Be5 O-O 11. Nf3 b5 12. Qc2 g6 13. O-O Bb7 14. Rac1 Rc8 15.
Rfd1 a5 16. Qe2 Re8 17. Bh2 Bf8 18. Ne5 Nd7 19. Qd2 Bg7 20. Nxd7 Qxd7 21. a3
Red8 22. Ne2 Ra8 23. Nf4 Nc7 24. h4 Ne8 25. h5 g5 26. h6 Bxh6 27. Nh5 Qe7 28.
Qc2 f6 29. Re1 Qf7 30. Ng3 Nd6 31. Nf5 Nxf5 32. Bxf5 Re8 33. e4 dxe4 34. Bxe4
Rac8 35. Bd6 Bf8 36. Bxf8 Rxf8 37. Bf5 Rce8 38. Qc5 Kg7 39. Qb6 a4 40. d5 Rxe1+
41. Rxe1 cxd5 42. Qd6 Re8 43. Rc1 Re7 44. Qb6 d4 45. Qxd4 Qd5 46. Qxd5 Bxd5 47.
Bd3 Rb7 48. Rc5 Bc4 49. Bxc4 bxc4 50. Rxc4 Rxb2 51. Rxa4 Kg6 52. g4 h5 53.
gxh5+ Kxh5 54. Kg2 f5 55. Rb4 Ra2 56. a4 f4 57. Rc4 Kg6 58. Rb4 Ra3 59. Rc4 Rd3
60. Rb4 Kf5 61. Rb5+ Kg4 62. Rb4 Rd5 63. Rc4 Kh4 64. Rb4 Rf5 65. Rb8 f3+ 66.
Kh2 Rf4 67. a5 Ra4 68. Rh8+ Kg4 69. Rb8 Rxa5 70. Rb4+ Kh5 71. Kg3 1/2-1/2

[Event "FIDE Open World Blitz 2021"]
[Site "Warsaw"]
[Date "2021.12.30"]
[Round "18.23"]
[White "Janik, Igor"]
[Black "Gdanski, Jacek"]
[Result "0-1"]
[WhiteElo "2508"]
[BlackElo "2367"]
[Annotator "ChessBase"]
[PlyCount "93"]
[EventDate "2021.12.29"]
[EventType "swiss"]
[EventCountry "POL"]
[Tiebreak "Cut1 Buchholz"]
[SourceTitle "playchess.com"]
[Source "ChessBase"]
[SourceQuality "1"]

1. e4 e6 2. Qe2 c5 3. Nf3 Nc6 4. g3 g6 5. Bg2 Bg7 6. O-O Nge7 7. c3 O-O 8. h4
e5 9. h5 d6 10. d3 Bg4 11. h6 Bh8 12. Qc2 Qd7 13. Nbd2 b5 14. a4 b4 15. Nc4 Be6
16. Ng5 Bf6 17. Nxe6 fxe6 18. Bh3 Nc8 19. a5 Qe7 20. Qa4 Nd8 21. Kg2 Qe8 22.
Bd2 d5 23. Ne3 dxe4 24. dxe4 Nd6 25. Qxe8 Rxe8 26. Ng4 Nxe4 27. Rfe1 Nxd2 28.
Nxf6+ Kf7 29. Nxe8 Kxe8 30. Rxe5 Ke7 31. Rd1 Nb3 32. cxb4 cxb4 33. Rb5 Rc8 34.
Rxb4 Nxa5 35. Ra1 Rc5 36. Rb8 Nac6 37. Rc8 Kd7 38. Ra8 Rh5 39. R8xa7+ Nxa7 40.
Rxa7+ Ke8 41. Rxh7 Nf7 42. Bxe6 Nxh6 43. b4 Kf8 44. b5 Rxb5 45. Rxh6 Kg7 46.
Rh1 Kf6 47. Re1 0-1

[Event "FIDE Open World Blitz 2021"]
[Site "Warsaw"]
[Date "2021.12.30"]
[Round "18.24"]
[White "Gukesh D"]
[Black "Indjic, Aleksandar"]
[Result "1-0"]
[WhiteElo "2621"]
[BlackElo "2603"]
[Annotator "ChessBase"]
[PlyCount "135"]
[EventDate "2021.12.29"]
[EventType "swiss"]
[EventCountry "POL"]
[Tiebreak "Cut1 Buchholz"]
[SourceTitle "playchess.com"]
[Source "ChessBase"]
[SourceQuality "1"]

1. d4 Nf6 2. c4 c5 3. d5 g6 4. Nc3 Bg7 5. e4 d6 6. h3 O-O 7. Be3 e6 8. Nf3 Re8
9. Bd3 e5 10. Be2 Nbd7 11. Nd2 h5 12. g4 hxg4 13. hxg4 Nh7 14. Nf3 Ndf8 15. g5
Bg4 16. Qd2 a6 17. O-O-O b5 18. Rh4 Bxf3 19. Bxf3 bxc4 20. Rdh1 Rb8 21. Be2 Rb4
22. a3 Rb6 23. Bxc4 Qe7 24. f3 Reb8 25. Nd1 f6 26. gxf6 Bxf6 27. Rg4 R8b7 28.
Qg2 Qf7 29. Rg1 Bg7 30. Bd2 Rb8 31. Rh1 Bf6 32. Kb1 R8b7 33. Ka1 Rb8 34. Ba5
R8b7 35. Bxb6 Rxb6 36. Nf2 Bg7 37. Nh3 a5 38. Ng5 Nxg5 39. Rxg5 Rb7 40. Bf1 Qf4
41. Ba6 Rb8 42. Rg4 Qe3 43. Qe2 Qb3 44. Bc4 Qa4 45. Ka2 Qd7 46. Qc2 Qf7 47. Rg3
Qf4 48. Rgh3 Qe3 49. Bf1 Qd4 50. Rg3 c4 51. Bxc4 Rc8 52. Rc1 Bh6 53. Rgg1 Bxc1
54. Rxc1 Kg7 55. Qa4 Qe3 56. Rc3 Qd4 57. Qb5 Rc7 58. Qa4 Rc8 59. Qb5 Rc7 60.
Qa4 Nh7 61. Bb5 Rxc3 62. Qxd4 exd4 63. bxc3 dxc3 64. Kb3 Ng5 65. Be2 Kf6 66.
Kxc3 Ke5 67. Kc4 Nf7 68. Kb5 1-0

[Event "FIDE Open World Blitz 2021"]
[Site "Warsaw"]
[Date "2021.12.30"]
[Round "18.24"]
[White "Nevednichy, Vladislav"]
[Black "Kolosowski, Mateusz"]
[Result "1/2-1/2"]
[WhiteElo "2379"]
[BlackElo "2444"]
[Annotator "NA"]
[PlyCount "139"]
[EventDate "2021.12.29"]
[EventType "swiss"]
[EventCountry "POL"]
[Tiebreak "Cut1 Buchholz"]
[SourceTitle "playchess.com"]
[Source "ChessBase"]
[SourceQuality "1"]

1. e4 e5 2. Nf3 Nc6 3. Be2 Nf6 4. d3 d5 5. Nbd2 Bc5 6. O-O O-O 7. c3 dxe4 8.
dxe4 a5 9. a4 Qe7 10. Qc2 Bg4 11. h3 Bh5 12. Re1 Bg6 13. Bf1 Nh5 14. Nc4 h6 15.
Ne3 Qe6 16. Bc4 Qe7 17. Bb5 Nf4 18. Ng4 f6 19. Nh4 Bh7 20. Nf5 Qe8 21. Kh2 Kh8
22. g3 Ne6 23. Nge3 Ng5 24. Kg2 Qh5 25. h4 Qf3+ 26. Kh2 Nxe4 27. Bd3 Qxf2+ 28.
Qxf2 Nxf2 29. Bc2 Rad8 30. Kg2 Nd3 31. Rd1 e4 32. g4 Nce5 33. Kg3 c6 34. Rb1
Bb6 35. b4 Rd7 36. bxa5 Bxa5 37. Ba3 Rfd8 38. Be7 Re8 39. Ba3 Bc7 40. Kg2 Red8
41. Rxb7 Bg8 42. Be7 Nf4+ 43. Kf1 Rxd1+ 44. Bxd1 Bc4+ 45. Kg1 Rd7 46. Bd8 Bxd8
47. Rxd7 Nxd7 48. Nxc4 Nc5 49. a5 Nd5 50. Nfd6 Nxc3 51. Bc2 Bc7 52. Ne8 Bd8 53.
Ned6 Kg8 54. Nb7 Nxb7 55. a6 Nb5 56. axb7 Bc7 57. Bxe4 Nd4 58. Na5 c5 59. Nc4
Kf7 60. Kf2 Ke6 61. h5 Kd7 62. Ke3 Bb8 63. Nb6+ Kc7 64. Nd5+ Kxb7 65. Nxf6+ Kc7
66. Ne8+ Kd7 67. Nxg7 Ke7 68. Nf5+ Nxf5+ 69. Bxf5 Kf6 70. Ke4 1/2-1/2